000 00372nam a2200145 i 4500
001 bg
100 1 _aRAFALSKI, Wojciech.
245 0 _aZadania z maszyn elektrycznych.
_nCz.2 /
_cW. Rafalski, M. Ronkowski.
260 _aGdańsk,
_c1985.
700 1 _aRONKOWSKI, Mieczysław.
040 _cBPK
041 _apol
942 _cKS
008 s pl f |000 0 pol
999 _c2431
_d2431
856 _uhttp://koha.tu.koszalin.pl/cgi-bin/koha/opac-detail.pl?biblionumber=2431
_yKatalog online BPK